000 02068nam a2200577 i 4500
001 41829
003 KOSZ 005
005 20220328105249.0
008 020729s2002 pl a f |000 0 pol
015 _aUWD 2003/11220
020 _a8320427347
035 _a991019125909705066
035 _a(PL-WaBN)b15179886-48omnis_nlop
035 _ab15179886
035 _a(OCoLC)749306247
035 _azz2002920510
035 _a(PL)b0000001517988
035 _a(EXLNZ-48OMNIS_NETWORK)9910004166705606
040 _aWA N
_cWA N
_dKOSZ 005/HR
041 0 _apol
046 _k2002
080 _a62-1/-8
080 _a004.8
080 _a519.86
080 _a519.7
080 _a(075.8)
245 0 0 _aDiagnostyka procesów :
_bmodele, metody sztucznej inteligencji, zastosowania /
_cpod red. Józefa Korbicza [et al.].
260 _aWarszawa :
_bWydawnictwa Naukowo-Techniczne ;
_aZielona Góra :
_bwyd. we współpr. z Lubuskim Towarzystwem Naukowym,
_c2002.
300 _aXXVI, 828 s. :
_bil. ;
_c25 cm.
336 _aTekst
_btxt
_2rdacontent
337 _aBez urządzenia pośredniczącego
_bn
_2rdamedia
338 _aWolumin
_bnc
_2rdacarrier
380 _aKsiążki
380 _aPublikacje naukowe
388 _a2001-
490 1 _aMonografie / Komitet Automatyki i Robotyki Polskiej Akademii Nauk,
_x1640-8969 ;
_vt. 3
504 _aBibliogr. przy rozdz.
650 7 _aAlgorytmy
_2DBN
650 7 _aDiagnostyka techniczna
_2DBN
650 7 _aModele matematyczne
650 7 _aSztuczna inteligencja
_2DBN
650 7 _aTeoria sterowania
_2DBN
655 7 _aPodręczniki akademickie
_2DBN
658 _aInżynieria i technika
700 1 _aKorbicz, Józef
_d(1951- )
_eRedakcja
710 2 _aWydawnictwa Naukowo-Techniczne
_4pbl
830 0 _aMonografie - Komitet Automatyki i Robotyki Polskiej Akademii Nauk
_vt. 3
856 _uhttp://koha.tu.koszalin.pl/cgi-bin/koha/opac-detail.pl?biblionumber=41829
_yKatalog online BPK
942 _2UKD
_cKS
999 _c41829
_d41829